[Event "Romanian-ch Open 2022"]
[Site "Eforie Nord"]
[Date "2022.02.22"]
[Round "4.11"]
[White "Martian, Dragos-Daniel"]
[Black "Badea, Bela"]
[Result "1/2-1/2"]
[WhiteElo "2270"]
[BlackElo "2413"]
[Annotator "NA"]
[PlyCount "135"]
[EventDate "2022.02.20"]
[EventType "swiss"]
[EventCountry "ROU"]
[SourceTitle "playchess.com"]
[Source "ChessBase"]
[SourceQuality "1"]
[TimeControl "40/5400+30:900+30"]

1. e4 {[%emt 0:00:04]} d6 {[%emt 0:00:03]} 2. d4 {[%emt 0:00:14]} Nf6 {[%emt 0:00:06]} 3. Nc3 {[%emt 0:00:17]} e5 {[%emt 0:00:06]} 4. Nf3 {[%emt 0:02:06]} Nbd7 {[%emt 0:00:16]} 5. Bc4 {[%emt 0:00:28]} Be7 {[%emt 0:00:07]} 6. a4 {[%emt 0:00:39]} O-O {[%emt 0:01:10]} 7. O-O {[%emt 0:00:36]} c6 {[%emt 0:00:13]} 8. h3 {[%emt 0:00:56]} b6 {[%emt 0:00:54]} 9. Qe2 {[%emt 0:00:42]} a6 {[%emt 0:01:50]} 10. Rd1 {[%emt 0:01:00]} Qc7 {[%emt 0:01:06]} 11. Be3 {[%emt 0:02:02]} Bb7 {[%emt 0:13:01]} 12. Ba2 {[%emt 0:08:04]} b5 {[%emt 0:01:28]} 13. axb5 {[%emt 0:01:22]} axb5 {[%emt 0:03:03]} 14. b4 {[%emt 0:00:28]} Nb6 {[%emt 0:08:10]} (14... d5 $11) 15. Bb3 {[%emt 0:02:17]} Na4 {[%emt 0:23:08]} 16. Bd2 {[%emt 0:08:17]} Nxc3 {[%emt 0:04:21]} 17. Bxc3 {[%emt 0:00:04]} c5 {[%emt 0:00:42] [#]} (17... d5 $11) 18. dxc5 $1 {[%emt 0:27:13]} Nxe4 {[%emt 0:00:55]} 19. Bb2 {[%emt 0:00:23]} dxc5 {[%emt 0:13:22]} 20. Bxe5 {[%emt 0:01:22]} Qb6 {[%emt 0:09:05]} 21. Rd7 {[%emt 0:07:46]} Rae8 {[%emt 0:01:40]} 22. Qe3 {[%emt 0:07:37]} Bf6 $16 {[%emt 0:09:47]} (22... Bc6 $14 23. Rda7 Bb7) 23. bxc5 {[%emt 0:28:03]} Qc6 {[%emt 0:00:00]} 24. Rc7 {[%emt 0:00:00]} Qxc7 {[%emt 0:00:02]} 25. Bxc7 {[%emt 0:00:00]} Bxa1 {[%emt 0:00:01]} 26. Qf4 {[%emt 0:00:00]} Nxc5 {[%emt 0:02:36]} 27. Bd6 {[%emt 0:00:00]} Nxb3 {[%emt 0:00:13]} 28. cxb3 {[%emt 0:00:00]} Bxf3 {[%emt 0:00:47]} 29. Qxf3 {[%emt 0:02:28]} Re1+ {[%emt 0:00:06]} 30. Kh2 {[%emt 0:00:02]} Be5+ {[%emt 0:00:16]} 31. Bxe5 {[%emt 0:00:03]} Rxe5 {[%emt 0:00:04]} 32. Qb7 {[%emt 0:00:51]} Rd8 {[%emt 0:01:07]} 33. Qc7 {[%emt 0:00:15]} Red5 {[%emt 0:00:07]} 34. Qb6 {[%emt 0:00:48]} g6 {[%emt 0:00:16]} 35. Qa5 {[%emt 0:00:40]} h5 {[%emt 0:00:19]} 36. Qb6 {[%emt 0:00:22]} R8d6 {[%emt 0:00:29]} 37. Qa7 {[%emt 0:00:53]} Kg7 {[%emt 0:00:50]} 38. Qa1+ {[%emt 0:00:25]} Kh7 {[%emt 0:00:46]} 39. Qa7 {[%emt 0:00:41]} Rd7 {[%emt 0:01:25]} 40. Qb8 {[%emt 0:00:00]} Rf5 {[%emt 0:00:00]} 41. h4 {[%emt 0:08:23]} Rd3 {[%emt 0:01:10]} 42. f3 {[%emt 0:03:20]} Rxb3 {[%emt 0:00:26]} 43. Qb7 {[%emt 0:00:30]} Rb2 {[%emt 0:07:05]} 44. Kh3 {[%emt 0:00:15]} Rb3 {[%emt 0:01:58]} 45. Kh2 {[%emt 0:00:15]} Rb4 {[%emt 0:01:32]} 46. Kg3 {[%emt 0:01:29]} Kg7 {[%emt 0:01:00]} 47. Qa7 {[%emt 0:01:32]} Rc4 {[%emt 0:02:10]} 48. Qa1+ {[%emt 0:00:38]} Kh7 {[%emt 0:00:08]} 49. Qa7 {[%emt 0:01:10]} b4 {[%emt 0:00:37]} 50. Qb7 {[%emt 0:00:15]} Kg7 {[%emt 0:00:11]} 51. Qb8 {[%emt 0:00:15]} Rd4 {[%emt 0:00:45]} 52. Kh3 {[%emt 0:00:41]} Rc5 {[%emt 0:00:55]} 53. Qb6 {[%emt 0:00:37]} Rcc4 {[%emt 0:00:28]} 54. g3 {[%emt 0:00:38]} Rd3 {[%emt 0:01:49]} 55. Qb5 {[%emt 0:00:24]} Rcc3 {[%emt 0:00:31]} 56. Qxb4 {[%emt 0:00:47]} Rxf3 {[%emt 0:00:05]} 57. Qd4+ {[%emt 0:00:40]} Kh7 {[%emt 0:00:09]} 58. Kh2 {[%emt 0:01:35]} Rxg3 {[%emt 0:00:11]} 59. Qd5 {[%emt 0:00:07]} Rgf3 {[%emt 0:00:10]} 60. Kg2 {[%emt 0:00:14]} Rf5 {[%emt 0:00:12]} 61. Qd4 {[%emt 0:00:05]} Rcf3 {[%emt 0:00:20]} 62. Qd8 {[%emt 0:00:11]} R3f4 {[%emt 0:00:09]} 63. Kg3 {[%emt 0:00:10]} Rg4+ {[%emt 0:00:05]} 64. Kh3 {[%emt 0:00:03]} Rff4 {[%emt 0:00:05]} 65. Kh2 {[%emt 0:00:07]} Rxh4+ {[%emt 0:00:16]} 66. Kg3 {[%emt 0:00:01]} Rhg4+ {[%emt 0:00:11]} 67. Kh3 {[%emt 0:00:02]} Rf3+ {[%emt 0:00:56]} 68. Kh2 {[%emt 0:00:01]} 1/2-1/2

[Event "Romanian-ch Open 2022"]
[Site "Eforie Nord"]
[Date "2022.02.22"]
[Round "4.12"]
[White "Voiteanu, Gabriel"]
[Black "Filip, Lucian-Ioan"]
[Result "0-1"]
[WhiteElo "2207"]
[BlackElo "2391"]
[Annotator "NA"]
[PlyCount "104"]
[EventDate "2022.02.20"]
[EventType "swiss"]
[EventCountry "ROU"]
[SourceTitle "playchess.com"]
[Source "ChessBase"]
[SourceQuality "1"]
[TimeControl "40/5400+30:900+30"]

1. d4 {[%emt 0:00:04]} Nf6 {[%emt 0:00:08]} 2. c4 {[%emt 0:00:07]} e6 {[%emt 0:00:03]} 3. Nf3 {[%emt 0:00:12]} c5 {[%emt 0:00:58]} 4. d5 {[%emt 0:00:44]} d6 {[%emt 0:00:15]} 5. Nc3 {[%emt 0:00:39]} exd5 {[%emt 0:00:02]} 6. cxd5 {[%emt 0:00:07]} g6 {[%emt 0:00:03]} 7. h3 {[%emt 0:04:47]} Bg7 {[%emt 0:00:27]} 8. e4 {[%emt 0:01:27]} O-O {[%emt 0:01:00]} 9. Bd3 {[%emt 0:03:14]} b5 {[%emt 0:01:13]} 10. Bxb5 {[%emt 0:01:50]} Nxe4 {[%emt 0:00:11]} 11. Nxe4 {[%emt 0:01:37]} Qa5+ {[%emt 0:01:26]} 12. Nfd2 {[%emt 0:02:18]} Qxb5 {[%emt 0:00:40]} 13. Nxd6 {[%emt 0:00:35]} Qa6 {[%emt 0:00:04]} 14. N2c4 {[%emt 0:07:42]} Nd7 {[%emt 0:00:07]} 15. O-O {[%emt 0:10:29]} Ne5 {[%emt 0:00:07]} 16. Nxc8 {[%emt 0:15:18]} Raxc8 {[%emt 0:00:41]} 17. Nxe5 {[%emt 0:02:31]} Bxe5 {[%emt 0:00:03]} 18. Re1 {[%emt 0:14:34]} Rfe8 {[%emt 0:10:51]} 19. Re3 $11 {[%emt 0:24:12]} Qd6 {[%emt 0:50:08]} 20. Rd3 {[%emt 0:05:04]} c4 {[%emt 0:05:42]} 21. Rd2 {[%emt 0:02:32]} Rc5 {[%emt 0:11:59]} 22. Rb1 {[%emt 0:00:33]} Rd8 {[%emt 0:06:34]} 23. Qc2 {[%emt 0:00:40]} a6 {[%emt 0:05:46]} 24. Kf1 {[%emt 0:00:16]} h5 {[%emt 0:03:21]} 25. Qe4 {[%emt 0:00:38]} Rxd5 {[%emt 0:00:34]} 26. Rxd5 {[%emt 0:00:16]} Qxd5 {[%emt 0:00:03]} 27. Qxd5 {[%emt 0:00:14]} Rxd5 {[%emt 0:00:01]} 28. Ke2 {[%emt 0:00:24]} Ra5 {[%emt 0:00:29]} 29. a3 {[%emt 0:00:51]} Rb5 {[%emt 0:00:40]} 30. Kd1 {[%emt 0:00:32]} a5 {[%emt 0:00:29]} 31. Kc2 {[%emt 0:00:51]} a4 {[%emt 0:00:04]} 32. Bd2 {[%emt 0:00:30]} Rb3 {[%emt 0:00:06]} 33. Bc1 {[%emt 0:00:30]} Kg7 {[%emt 0:00:59]} 34. Ra1 {[%emt 0:00:32]} g5 {[%emt 0:01:29]} 35. Ra2 {[%emt 0:00:18]} g4 {[%emt 0:00:29]} 36. hxg4 {[%emt 0:00:04]} hxg4 {[%emt 0:00:02]} 37. Bd2 {[%emt 0:01:01]} Kg6 {[%emt 0:00:08]} 38. Bc3 {[%emt 0:00:33]} Bxc3 {[%emt 0:00:07]} 39. bxc3 {[%emt 0:00:02]} Kf5 {[%emt 0:00:08]} 40. Ra1 {[%emt 0:00:00]} Kf4 {[%emt 0:00:00]} 41. Rd1 {[%emt 0:02:56]} Rxa3 {[%emt 0:00:24]} 42. Rd4+ {[%emt 0:07:39]} Kg5 {[%emt 0:06:23]} 43. Rxc4 {[%emt 0:06:26]} Ra2+ {[%emt 0:00:05]} 44. Kd3 {[%emt 0:00:08]} Rxf2 {[%emt 0:00:41]} 45. Rxa4 {[%emt 0:00:09]} Rxg2 {[%emt 0:00:06]} 46. c4 {[%emt 0:00:18]} Rg3+ {[%emt 0:00:37]} 47. Kd2 {[%emt 0:01:05]} Rg2+ {[%emt 0:01:44]} 48. Kd3 {[%emt 0:00:12]} Rg1 {[%emt 0:00:33]} 49. Kd2 {[%emt 0:00:53]} g3 {[%emt 0:04:48]} 50. Ra8 {[%emt 0:01:00]} Kf4 {[%emt 0:01:22]} 51. c5 {[%emt 0:00:49]} g2 {[%emt 0:00:52]} 52. Rg8 {[%emt 0:00:09]} Ra1 {[%emt 0:06:18]} 0-1

[Event "Romanian-ch Open 2022"]
[Site "Eforie Nord"]
[Date "2022.02.22"]
[Round "4.13"]
[White "Antal, Hunor-Zoltan"]
[Black "Doncea, Vladimir"]
[Result "1-0"]
[WhiteElo "2172"]
[BlackElo "2367"]
[Annotator "TA"]
[PlyCount "82"]
[EventDate "2022.02.20"]
[EventType "swiss"]
[EventCountry "ROU"]
[SourceTitle "playchess.com"]
[Source "ChessBase"]
[SourceQuality "1"]

{[%evp 16,82,40,23,79,80,78,74,66,66,76,72,77,0,0,0,0,-31,476,485,482,481,470,473,556,540,519,441,483,479,463,230,219,100,96,100,112,94,100,99,269,231,234,234,689,674,899,884,859,306,341,311,460,420,413,391,518,551,608,607,592,583,1069,764,12836,12836,12845,12834,1726]} 1. e4 c5 2. Nf3 e6 3. d4 cxd4 4. Nxd4 Nc6 5. Nc3 Nf6 6. Nxc6 bxc6 7. e5 Nd5 8. Ne4 Qc7 9. f4 $1 Rb8 {B45: Sicilian Four Knights.} (9... Qb6 $11) 10. c4 $1 $16 Bb4+ 11. Ke2 $1 ({Don't play} 11. Kf2 f5 $1 12. exf6 (12. cxd5 fxe4 13. d6 Qa5 $11) 12... Nxf6 13. Nxf6+ gxf6 $11) 11... O-O {[%cal Of7f6] Strongly threatening ...f6! White is better.} 12. a3 Be7 {[%cal Od5f4]} 13. cxd5 cxd5 14. Nf2 ({Better is} 14. Nd6 $1 $16) 14... f6 $11 15. exf6 Bxf6 {[#]} 16. Rb1 $146 (16. Qd2 $5 {[%cal Rf2g4]}) ({Predecessor:} 16. Nd3 Ba6 17. Kf3 e5 18. Kg3 Bc4 19. Nb4 exf4+ 20. Kf3 Qe5 21. Bxc4 Qh5+ 22. g4 Qh3+ 23. Ke2 Rfe8+ 24. Kd2 dxc4 {0-1 (24) Coro,L (2340)-Gomez,C (2300) Buenos Aires 2019}) 16... Bxb2 $2 {[%mdl 8192]} 17. Rxb2 $18 Rxb2+ 18. Bxb2 Rxf4 19. Nd3 Rc4 20. Kd2 {To avoid Rc2+} d6 21. Qh5 {[%cal Rh5e8]} Rc2+ 22. Kd1 {[%cal Rh5e8]} Bd7 {Inhibits Qe8+.} 23. Qg4 {To avoid Ba4} (23. Be2 $142) 23... e5 {[#]} 24. Qxd7 {[%mdl 512]} Qxd7 $16 25. Kxc2 Qa4+ 26. Kd2 {[%cal Bc2d2,Bd2c1,Bc1b1][%mdl 32]} Qb3 {[#]} 27. Kc1 $1 e4 $2 (27... a5 $16 {keeps fighting.}) 28. Nb4 $18 d4 {Hoping for ...a5.} 29. Ba6 ({Don't go for} 29. Bxd4 $2 Qxa3+ 30. Bb2 Qxb4 $19) 29... Qe3+ $2 (29... d3) 30. Kb1 d3 31. Rf1 {Threatening mate with Bc4+.} h5 32. Bc4+ $2 (32. Nd5 Qc5 33. Ne7+ Kh8 34. Rf5) 32... Kh7 33. Nd5 Qe2 (33... Qc5 $142) 34. Rc1 Qxg2 35. Ne3 Qd2 {[#]} 36. Bd4 {White is clearly winning.} Qa5 37. Bd5 Qxa3 38. Bxe4+ {A strong pair of Bishops.} g6 {...Qb4+ is the strong threat.} 39. Bb2 Qa6 40. Rg1 Qb6 41. Bxg6+ Kg8 {Weighted Error Value: White=0.28 (precise) /Black=0.71} 1-0

[Event "Romanian-ch Open 2022"]
[Site "Eforie Nord"]
[Date "2022.02.22"]
[Round "4.14"]
[White "Secheres, Adrian-Simion"]
[Black "Creanga, Robert-Ionut"]
[Result "1/2-1/2"]
[WhiteElo "2363"]
[BlackElo "2115"]
[Annotator "TA"]
[PlyCount "69"]
[EventDate "2022.02.20"]
[EventType "swiss"]
[EventCountry "ROU"]
[SourceTitle "playchess.com"]
[Source "ChessBase"]
[SourceQuality "1"]

{[%evp 10,69,30,22,28,22,33,0,16,19,0,0,7,14,14,16,29,24,20,20,15,0,22,-5,12,16,17,14,14,14,14,0,6,0,4,0,0,0,19,10,21,18,50,17,14,13,22,0,25,6,28,28,28,28,28,28,60,0,35,14,39,0]} 1. d4 Nf6 2. c4 e6 3. Nf3 Bb4+ 4. Bd2 Qe7 5. g3 Bxd2+ 6. Qxd2 Nc6 {E11: Bogo-Indian.} 7. b3 d5 8. Nc3 O-O {The position is equal.} 9. Bg2 dxc4 10. bxc4 Rd8 {[%cal Oc6d4]} 11. O-O Nxd4 12. Nxd4 {[#] Hoping for Rfd1.} c5 $146 {[#]} ({Predecessor:} 12... e5 13. Nd5 Nxd5 14. cxd5 exd4 15. Rfe1 c5 16. dxc6 bxc6 17. Bxc6 Rb8 18. Bf3 Bf5 {0-1 (45) Kazakovskiy,V (2473)-Tregubov,P (2560) Chess.com INT 2020}) 13. e3 cxd4 14. exd4 Qc7 15. Rac1 Bd7 ({Much less strong is} 15... Qxc4 16. Nd5 Qxf1+ 17. Kxf1 $16) 16. Qb2 Rab8 17. d5 exd5 18. Nxd5 Nxd5 19. cxd5 Qd6 20. Rc3 a5 21. Rfc1 h6 22. Rc5 a4 23. a3 Be8 24. h4 b6 25. Rc7 b5 26. R7c5 Bd7 27. Qb4 Rb6 28. Bf1 h5 29. Rb1 Be8 30. Qc3 Rdb8 31. Rb4 Bd7 32. Bd3 R6b7 33. Bf1 Rb6 34. Qd4 R6b7 35. Qc3 {Weighted Error Value: White=0.10 (very precise) /Black=0.06 (flawless)} 1/2-1/2

[Event "Romanian-ch Open 2022"]
[Site "Eforie Nord"]
[Date "2022.02.22"]
[Round "4.15"]
[White "Coca, Cristi-Iulian"]
[Black "Manea, Alexandru"]
[Result "1/2-1/2"]
[WhiteElo "2147"]
[BlackElo "2355"]
[Annotator "TA"]
[PlyCount "53"]
[EventDate "2022.02.20"]
[EventType "swiss"]
[EventCountry "ROU"]
[SourceTitle "playchess.com"]
[Source "ChessBase"]
[SourceQuality "1"]

{[%evp 10,53,0,-18,5,-5,0,-16,12,0,10,-2,2,-20,4,0,1,0,-2,-6,0,0,0,0,-14,-68,-66,-68,0,-8,-8,-25,0,0,0,0,0,0,0,0,0,7,12,12,14,4]} 1. e4 e6 2. d4 d5 3. Nc3 Nf6 4. exd5 exd5 5. Bd3 Nc6 6. Nge2 Be6 {C01: French: Exchange Variation.} 7. Bg5 Be7 8. Qd2 Qd7 9. f3 h6 10. Bf4 O-O-O 11. O-O-O Ne8 (11... g5 $5 {[%cal Rg5f4]} 12. Be3 Nb4 $11) 12. Kb1 Nb4 {[#]} 13. Nc1 $146 ({Predecessor:} 13. Bb5 c6 14. Ba4 g5 15. Bg3 Nd6 16. Nc1 Bf5 17. a3 Nc4 18. Qe2 Rhe8 19. axb4 Bxb4 {½-½ (65) Ramirez Garcia,J (2265)-Moroni,L (2344) Porto San Giorgio 2014}) 13... Nd6 14. Rhe1 Rhe8 15. Qf2 Qc6 16. Be5 Bf8 17. Qg3 (17. Bxd6 $11 Qxd6 18. g3) 17... Nxd3 $15 18. Nxd3 Nf5 ({Black should play} 18... Nc4 $15 19. a4 (19. Bxg7 Nxb2 20. Nxb2 Bxg7 $15) 19... Qb6) 19. Qf2 $1 $11 f6 20. Bf4 Qc4 21. g4 {And now Rxe6 would win. The position is equal.} Nxd4 22. Bxc7 Kxc7 23. Qxd4 $1 {[%mdl 64] [#] Remove Defender, Decoy} Qxd4 24. Nb5+ {Pair of Knights!} Kc8 25. Nxd4 Bf7 26. h4 g6 {To avoid h5} 27. Rxe8 {Weighted Error Value: White=0.11 (very precise) /Black=0.10 (very precise)} 1/2-1/2

[Event "Romanian-ch Open 2022"]
[Site "Eforie Nord"]
[Date "2022.02.22"]
[Round "4.16"]
[White "Ciocani, Iosif"]
[Black "Antonica, Dragos-Andrei"]
[Result "0-1"]
[WhiteElo "1876"]
[BlackElo "2350"]
[Annotator "TA"]
[PlyCount "72"]
[EventDate "2022.02.20"]
[EventType "swiss"]
[EventCountry "ROU"]
[SourceTitle "playchess.com"]
[Source "ChessBase"]
[SourceQuality "1"]

{[%evp 29,72,14,10,0,3,3,24,22,22,25,24,0,24,-20,-20,-116,-122,-120,-126,-133,-100,-96,-89,-97,-87,-102,-88,-76,0,0,0,0,0,0,55,-915,-881,-1170,-1185,-29992,-29993,-29993,-29994,-29996,-1716]} 1. e4 e6 2. d4 d5 3. Nd2 c5 4. exd5 Qxd5 5. Ngf3 cxd4 6. Bc4 Qd6 7. Nb3 Qb4+ 8. Nbd2 Qd6 9. O-O Nf6 10. Nb3 Nc6 11. Nbxd4 Nxd4 12. Qxd4 Qxd4 13. Nxd4 a6 14. Bf4 b5 15. Be2 Bb7 16. Rfd1 {[%cal Od4b5] C07: French Tarrasch: 3...c5, 4 Ngf3 and 4 exd5 Qxd5.} Be7 17. c3 O-O 18. a4 {White has an edge.} b4 19. c4 {[#]} Rfd8 $146 ({Predecessor:} 19... Ne4 20. Nb3 Nc5 21. Nxc5 Bxc5 22. Bd6 Rfc8 23. b3 a5 24. Bxc5 Rxc5 25. Rd7 Be4 26. Bd3 Bxd3 27. Rxd3 Kf8 {1-0 (36) Brynell,S (2534)-Hermansson,E (2387) Gothenburg 2003}) 20. Nb3 Be4 21. Rdc1 (21. Rxd8+ $142 Rxd8 22. Rc1) 21... Nd7 $11 22. Bf3 (22. Bc7 $11) 22... Bxf3 $17 23. gxf3 g5 24. Be3 Ne5 25. Kg2 Rd3 26. Na5 {[#]} Rc8 $1 27. c5 f5 {Strongly threatening ...f4.} 28. Rd1 {[%cal Oc5c6]} Bxc5 {Black is more active.} (28... Rdd8 $17 {Threatens to win with ...Nd3.} 29. b3 Nd3) 29. Rdc1 $11 Rd5 {White must now prevent ...f4.} 30. Nb3 {[%cal Rb3c5]} Nd3 $36 {[%csl LRb2,LRc1][%mdl 2048] Black is pushing.} 31. Rc2 Kf7 (31... a5 $1 $11) 32. Rac1 $2 {[%mdl 8192] Now White is beyond hope.} Bxe3 $19 33. Rxc8 Bxc1 34. Nxc1 Nf4+ {Black mates.} 35. Kg3 Rd1 {[%cal Rd1g1]} 36. h3 {[#]} Rxc1 $1 {[%mdl 512] Weighted Error Value: White=0.81/Black=0.09 (flawless)} 0-1

[Event "Romanian-ch Open 2022"]
[Site "Eforie Nord"]
[Date "2022.02.22"]
[Round "4.17"]
[White "Cosma, Ioan"]
[Black "Daianu, Cristian-Clement"]
[Result "1-0"]
[WhiteElo "2396"]
[BlackElo "2171"]
[Annotator "TA"]
[PlyCount "57"]
[EventDate "2022.02.20"]
[EventType "swiss"]
[EventCountry "ROU"]
[SourceTitle "playchess.com"]
[Source "ChessBase"]
[SourceQuality "1"]

{[%evp 14,57,24,28,38,24,47,53,36,41,58,9,5,4,0,2,36,12,88,41,75,64,77,79,80,61,132,105,138,96,173,182,240,98,417,420,422,410,542,524,717,714,5557,2243,29987,29988]} 1. d4 Nf6 2. c4 g6 3. g3 Bg7 4. Bg2 d5 5. cxd5 Nxd5 6. e4 Nb6 7. Ne2 e5 8. d5 c6 {8...c6 is better than 8...0-0. D72: Fianchetto Grünfeld: 5 cxd5 Nxd5 6 e4 Nb6 (without Nf3).} 9. O-O O-O 10. Qb3 cxd5 {White is slightly better.} 11. exd5 {[#]} N8d7 $146 {[%cal Bb8d7,Bd7c5,Bc5a6][%mdl 32]} ({Predecessor:} 11... Na6 12. Be3 Qd6 13. Nbc3 Bd7 14. Ne4 Qc7 15. Rfc1 Qd8 16. N4c3 Re8 17. a4 Bc8 {1-0 (56) Limeres Guiance,C (2242)-Garrido Legarreta,J (2172) Guipuzcoa 2002}) 12. a4 (12. Be3 $1 $14 {deserves consideration.}) 12... Nc5 $11 13. Qa3 Na6 (13... Nbxa4 $2 14. b4 e4 15. bxc5 $18) (13... Ncxa4 14. b3 $18) 14. Nbc3 f5 15. Rd1 Rf7 (15... Nc4 $11 16. Qa2 Nd6) 16. Nb5 (16. Qb3 $16) 16... Bf8 17. d6 {Qb3 is the strong threat.} Be6 {To avoid Qb3} 18. b3 {White is more active.} f4 {White must now prevent ...f3.} 19. Nec3 $1 (19. gxf4 Qh4 $11) 19... Bg4 (19... Qg5 $14) 20. Re1 {[%cal Bd1e1,Be1e4,Be4e5,Be5e8][%mdl 32]} Rc8 {aiming for ...Nc5.} 21. Ne4 {Prevents Nc5.} (21. Rxe5 $2 Rxc3 $1 {[%mdl 512]} 22. Re4 (22. Nxc3 $2 Bxd6 23. Qxd6 Qxd6 $19) 22... Rc2 23. Rxf4 Qd7 $19) (21. a5 $142 Nd7 22. Bd5 (22. Bxb7 Ndc5 $11)) 21... Nd5 (21... Bf5 $16) 22. Bd2 $18 Nf6 {[#]} (22... Be6 {was worth a try.} 23. b4 (23. Nxa7 Rc2 $16) 23... Rc2) 23. Rac1 ({Don't do} 23. gxf4 $6 Nxe4 24. Rxe4 (24. Bxe4 Nc5 $14) 24... exf4) (23. Ng5 $1 $18) 23... f3 $2 {[%mdl 8192] This move loses the game for Black.} (23... Nxe4 $16 24. Rxc8 (24. Bxe4 fxg3 25. hxg3 Nc7 $14) (24. Rxe4 Nc7 $16) 24... Bxc8 25. Bxe4 (25. Rxe4 fxg3 26. hxg3 Qf6 $14) 25... Qf6) 24. Bf1 Nxe4 25. Rxe4 Rxc1 26. Qxc1 ({Weaker is} 26. Bxc1 Qd7 $18) 26... Bf5 27. Rxe5 {Threatens to win with Bc4.} Bxd6 28. Nxd6 Qxd6 29. Re8+ {Weighted Error Value: White=0.17 (very precise) /Black=0.93} 1-0

[Event "Romanian-ch Open 2022"]
[Site "Eforie Nord"]
[Date "2022.02.22"]
[Round "4.18"]
[White "Vajda, Albert"]
[Black "Andronescu, Madalin"]
[Result "1-0"]
[WhiteElo "2351"]
[BlackElo "2122"]
[Annotator "NA"]
[PlyCount "85"]
[EventDate "2022.02.20"]
[EventType "swiss"]
[EventCountry "ROU"]
[SourceTitle "playchess.com"]
[Source "ChessBase"]
[SourceQuality "1"]
[TimeControl "40/5400+30:900+30"]

1. e4 {[%emt 0:00:03]} c5 {[%emt 0:00:26]} 2. Nf3 {[%emt 0:00:08]} d6 {[%emt 0:00:06]} 3. c3 {[%emt 0:00:10]} Nf6 {[%emt 0:00:26]} 4. Bd3 {[%emt 0:00:06]} e5 {[%emt 0:05:47]} 5. Bc2 {[%emt 0:03:33]} Be7 {[%emt 0:00:12]} 6. O-O {[%emt 0:00:47]} O-O {[%emt 0:00:16]} 7. d3 {[%emt 0:01:26]} Nc6 {[%emt 0:01:58]} 8. Nbd2 {[%emt 0:01:14]} d5 {[%emt 0:02:01]} 9. Ba4 {[%emt 0:03:24]} Bg4 {[%emt 0:10:28]} 10. Re1 {[%emt 0:05:28]} Qc7 {[%emt 0:04:01]} 11. h3 {[%emt 0:13:43]} Bh5 {[%emt 0:01:26]} 12. Nf1 {[%emt 0:02:43]} Rad8 {[%emt 0:02:08]} 13. Qe2 {[%emt 0:00:43]} c4 {[%emt 0:00:48]} 14. Bc2 {[%emt 0:06:46]} cxd3 {[%emt 0:12:08]} 15. Bxd3 {[%emt 0:00:16]} dxe4 {[%emt 0:00:06]} 16. Bxe4 {[%emt 0:00:08]} Nxe4 {[%emt 0:00:05]} 17. Qxe4 {[%emt 0:00:10]} Bg6 {[%emt 0:12:15]} 18. Qa4 {[%emt 0:04:27]} h6 {[%emt 0:07:39]} 19. Be3 {[%emt 0:04:58]} a6 {[%emt 0:01:05]} 20. N1h2 {[%emt 0:07:18]} e4 {[%emt 0:06:16]} 21. Nd4 {[%emt 0:02:48]} Ne5 {[%emt 0:02:03]} 22. Bf4 {[%emt 0:04:17] [#]} Nf3+ $1 {[%emt 0:03:40]} 23. Nhxf3 {[%emt 0:04:50]} Qxf4 {[%emt 0:00:08]} 24. g3 {[%emt 0:01:21] [#]} Qd6 $11 {[%emt 0:07:00]} (24... Qb8 $1 $17 25. Nd2 f5) 25. Nd2 {[%emt 0:01:45]} Qd5 {[%emt 0:00:07]} 26. Qb3 {[%emt 0:03:54]} Bf6 {[%emt 0:08:38]} 27. Qxd5 {[%emt 0:03:11]} Rxd5 {[%emt 0:00:06]} 28. N4b3 {[%emt 0:00:34]} Re8 {[%emt 0:00:09]} 29. Re2 {[%emt 0:00:59]} Bd8 {[%emt 0:04:50]} 30. Rae1 {[%emt 0:05:09]} f5 {[%emt 0:00:07]} 31. Nc4 {[%emt 0:01:26]} f4 {[%emt 0:04:05]} 32. gxf4 {[%emt 0:03:36]} Bc7 {[%emt 0:01:25]} 33. Ncd2 {[%emt 0:04:19]} Bxf4 {[%emt 0:01:37]} 34. Nxe4 {[%emt 0:01:31]} Rde5 {[%emt 0:01:24]} 35. f3 {[%emt 0:01:28]} Bf5 {[%emt 0:00:29]} 36. Kg2 {[%emt 0:00:48]} R8e6 {[%emt 0:00:05]} 37. Rh1 {[%emt 0:03:09]} g5 {[%emt 0:02:55]} 38. Nd4 {[%emt 0:01:05]} Rb6 {[%emt 0:00:25]} 39. Nxf5 {[%emt 0:00:54]} Rxf5 {[%emt 0:00:05]} 40. Rd1 {[%emt 0:00:00]} Rf7 {[%emt 0:00:00]} 41. Nc5 {[%emt 0:04:09]} Kg7 {[%emt 0:06:00]} 42. b4 {[%emt 0:02:32]} Rc6 {[%emt 0:01:17]} 43. Ne6+ {[%emt 0:01:04]} 1-0